The Hinduism Quiz - Statistics

General Stats
  • This quiz has been taken 273 times
  • The average score is 7 of 10
Answer Stats
Picture Hint Answer % Correct
Country with most Hindu India
99%
Deity Shiva
92%
Festivals of Lights Diwali
89%
Deity Ganesha
88%
Festival of Colors Holi
80%
Goddess of Money Lakshmi
80%
Most Sacred River Ganga
69%
God of Thunder Indra
51%
State named Devbhumi Uttarakhand
21%
Which city is known"Gateway to God"- Haridwar
19%
No matching quizzes found
Score Distribution
Percent of People with Each Score
Percentile by Number Answered
Your Score History
You have not taken this quiz